Paul Valadier, Sagesse biblique, sagesse politique, Paris, Salvator, 2015, 186 p., 20 €. (notice n° 1658795)
[ vue normale ]
| 000 -LEADER | |
|---|---|
| fixed length control field | 02216cam a2200169 4500500 |
| 005 - DATE AND TIME OF LATEST TRANSACTION | |
| control field | 20260208010914.0 |
| 041 ## - LANGUAGE CODE | |
| Language code of text/sound track or separate title | fre |
| 042 ## - AUTHENTICATION CODE | |
| Authentication code | dc |
| 100 10 - MAIN ENTRY--PERSONAL NAME | |
| Personal name | Dubray, Jean |
| Relator term | author |
| 245 00 - TITLE STATEMENT | |
| Title | Paul Valadier, Sagesse biblique, sagesse politique, Paris, Salvator, 2015, 186 p., 20 €. |
| 260 ## - PUBLICATION, DISTRIBUTION, ETC. | |
| Date of publication, distribution, etc. | 2017.<br/> |
| 500 ## - GENERAL NOTE | |
| General note | 41 |
| 520 ## - SUMMARY, ETC. | |
| Summary, etc. | Trois ouvrages récents entreprennent l’analyse philosophique du dénouement actuel de l’histoire. Dans Les Cinq Époques de l’histoire, Alain Juranville entend démontrer la nécessité structurale de la fin actuelle de l’histoire comme achèvement de la vérité philosophique. Avec La Démoralisation, Christian Godin associe la crise morale contemporaine à l’exténuation du sens qu’impose le monde capitaliste organisé par la techno-science. Rémi Brague, dans Le Règne de l’homme, déplie une généalogie du projet moderne comme « anthropologie sans contexte » produisant un humanisme de la domination, dont l’échec s’avère inévitable. Ces essais ouvrent ainsi trois voies d’élaboration d’une eschatologie philosophique du temps présent. |
| 520 ## - SUMMARY, ETC. | |
| Summary, etc. | Philosophical Eschatologies of the Present Three recently published books take on a philosophical analysis of the denouement of history in the present. In Les Cinq Époques de l’histoire (The Five epochs of History), Alain Juranville intends to demonstrate the structural necessity of the current end of history, as the fulfilment of philosophical truth. With La Démoralisation (The Demoralization), Christian Godin connects the contemporary moral crisis with the loss of meaning generated by the capitalistic world, ruled by techno-sciences. Rémi Brague, in Le Règne de l’homme (The Reign of Man), unfolds a genealogy of the modern project as a “contextless anthropology” that results in a humanism based on domination, the failure of which is now inevitable. These essays thus open three ways of elaborating a philosophical eschatology of the present. |
| 786 0# - DATA SOURCE ENTRY | |
| Note | Revue philosophique de la France et de l'étranger | 142 | 1 | 2017-02-06 | p. 93v-148v | 0035-3833 |
| 856 41 - ELECTRONIC LOCATION AND ACCESS | |
| Uniform Resource Identifier | <a href="https://shs.cairn.info/revue-philosophique-2017-1-page-93v?lang=fr&redirect-ssocas=7080">https://shs.cairn.info/revue-philosophique-2017-1-page-93v?lang=fr&redirect-ssocas=7080</a> |
Pas d'exemplaire disponible.




Réseaux sociaux